000 00762nam a22002417a 4500
999 _c33202
_d33202
001 2235
003 CO-MdFUSB
005 20170829084741.0
008 170829t1986 x ||||| |||| 00| 0 s d
040 _aCO-MdFUSB
_bspa
_cCO-MdFUSB
_dCO-MdFUSBC
_erda
041 0 _aspa
082 0 4 _aG 222.5 R261r
100 1 _aRawlinson, Jorge (George) (1812-1902)
_eautor
245 4 _aLos reyes de Israel y Judá
_c/ George Rawlinson ; Sara Hale, Traductor
264 4 _aEl Paso, TX., USA :
_bCasa Bautista de Publicaciones,
_c©1939-1986
300 _aXIV, 286 Pag
_b:
_c;
336 _2rdacontent
_a1
_ba1
337 _2rdamedia
_a2
_b5
338 _2rdacarrier
_a2
_b5
650 7 _aJudíos
_9270
_xHistoria
653 _aJudíos - Historia - Hasta 586 A.C.
942 _cBK